|
|
|
|
| LEADER |
01140nam a2200277 u 4500 |
| 001 |
10079502 |
| 003 |
upatras |
| 005 |
20210117202115.0 |
| 008 |
090921s2005 f eng |
| 020 |
|
|
|a 9780199274833
|
| 040 |
|
|
|a GR-PaULI
|c GR-PaULI
|
| 041 |
0 |
|
|a eng
|
| 082 |
1 |
4 |
|a 292.0809385
|2 22
|
| 100 |
1 |
|
|a Parker, Robert
|d 1950-
|9 80473
|
| 245 |
1 |
0 |
|a Polytheism and society at Athens
|c Robert Parker
|
| 260 |
|
|
|a Oxford
|a New York
|b Oxford University Press
|c 2005
|
| 300 |
|
|
|a xxxii, 544 p.
|b ill.
|c 24 cm.
|
| 504 |
|
|
|a Includes bibliographical references and indexes
|
| 650 |
|
4 |
|a Πολυθεϊσμός
|9 80474
|
| 651 |
|
4 |
|a Αθήνα, Αρχαία
|x Θρησκευτική ζωή και έθιμα
|9 48562
|
| 651 |
|
4 |
|a Αθήνα, Αρχαία
|x Θρησκεία
|9 80475
|
| 852 |
|
|
|a GR-PaULI
|b ΠΑΤΡΑ
|b ΦΙΛΟΛΟΓΙΑ
|k ΔΑΝΕΙΖ-6
|h 292.0809385 PAR
|m 009129
|p 025000146616
|t 1
|
| 942 |
|
|
|2 ddc
|
| 952 |
|
|
|0 0
|1 0
|2 ddc
|4 0
|6 292_080938500000000_PAR
|7 0
|9 82855
|a LISP
|b LISP
|c BSC
|d 2016-04-24
|i 009129
|l 2
|o 292.0809385 PAR
|p 025000146616
|r 2023-10-09 00:00:00
|s 2023-09-20
|t 1
|w 2016-04-24
|y BK15
|
| 998 |
|
|
|c ELIDOC
|d 2009-07
|
| 999 |
|
|
|c 55318
|d 55318
|